| 000 | 01127 a2200265 4500 | ||
|---|---|---|---|
| 003 | Nust | ||
| 005 | 20170207154015.0 | ||
| 010 | _a 2002728397 | ||
| 020 | _a1589950011 | ||
| 035 | _a(OCoLC)ocm48783694 | ||
| 040 | _cNust | ||
| 082 | 0 | 4 | _a629.8955133 |
| 100 | 1 | _aHellebuyck, Chuck. | |
| 245 | 1 | 0 |
_aProgramming PIC microcontrollers using PICBASIC (E-Book) _cby Chuck Hellebuyck. |
| 260 |
_aAmsterdam ; _aBoston : _bNewnes, _cc2003. |
||
| 300 |
_axiii, 317 p. : _bill. ; _c23 cm. _e+ 1 CD-ROM (4 3/4 in.) |
||
| 440 | 0 | _aEmbedded technology series | |
| 505 | _aGetting Familiar With Pics And Picbasic - Picbasic Compiler (PBC) - The Picbasic Pro Compiler - Inside The PIC Microcontroller - Inside The PIC Microcontroller - Moving On With The 16F876 - Communication - Memory And Sound - Robotics | ||
| 650 | 0 | _aBASIC Stamp computers. | |
| 650 | 0 |
_aMicrocontrollers _xProgramming. |
|
| 650 | 0 | _aProgrammable controllers. | |
| 651 | _a(E-Book) | ||
| 856 | 4 | 2 |
_3Publisher description _uhttp://www.loc.gov/catdir/description/els031/2002728397.html |
| 856 | 4 | 2 |
_3Table of contents _uhttp://www.loc.gov/catdir/toc/els031/2002728397.html |
| 942 |
_2ddc _cBK |
||
| 999 |
_c191411 _d191411 |
||